000 00419nam a2200121 4500
008 180214b xxu||||| |||| 00| 0 eng d
100 _926449
_aJambora, Anne A.
245 _aYour health troubles may be all in your spine:
_bsee a chiropractor for natural, nonsurgical treatment/
_cAnne A. Jambora.
260 _aPhilippines:
_bManila Bulletin,
_cc2017.
300 _apage D1.
650 0 _926450
_aHealth.
942 _2ddc
_cPER
999 _c8617
_d8617